Psicología de los motivos personales (Record no. 205699)

MARC details
000 -CABECERA
campo de control de longitud fija 00967nam a2200301 a 4500
005 - FECHA Y HORA DE LA ÚLTIMA TRANSACCIÓN
campo de control 20221119063444.0
008 - ELEMENTOS DE LONGITUD FIJA--INFORMACIÓN GENERAL
campo de control de longitud fija 191022s1990 mx r 000 0 spa d
020 ## - NÚMERO INTERNACIONAL NORMALIZADO PARA LIBROS
Número Internacional Estándar del Libro 9682437849
035 ## - NÚMERO DE CONTROL DEL SISTEMA
Número de control de sistema UPN01000233604
040 ## - FUENTE DE LA CATALOGACIÓN
Centro catalogador/agencia de origen MX-MxUPN
Lengua de catalogación spa
Centro/agencia transcriptor MX-MxUPN
041 1# - CÓDIGO DE IDIOMA
Código de lengua del texto/banda sonora o título independiente spa
Código de lengua original eng
050 #4 - SIGNATURA TOPOGRÁFICA DE LA BIBLIOTECA DEL CONGRESO
Número de clasificación BF199
Número de documento/Ítem C64 1990
100 1# - ASIENTO PRINCIPAL--NOMBRE PERSONAL
Nombre de persona Cohen, Jozef,
Fechas asociadas al nombre 1921-1995
9 (RLIN) 31680
240 ## - TÍTULO UNIFORME
Título uniforme Eyewitness series in psychology.
Lenguaje de la obra Español
245 10 - MENCIÓN DE TÍTULO
Título Psicología de los motivos personales
250 ## - MENCIÓN DE EDICIÓN
Mención de edición Segunda edición en español
260 ## - PUBLICACIÓN, DISTRIBUCIÓN, ETC.
Lugar de publicación, distribución, etc. México :
Nombre del editor, distribuidor, etc. Trillas,
Fecha de publicación, distribución, etc. 1990.
300 ## - DESCRIPCIÓN FÍSICA
Extensión 93 páginas
490 ## - MENCIÓN DE SERIE
Mención de serie Temas de psicología ;
Designación de volumen o secuencia no. 3
500 ## - NOTA GENERAL
Nota general Traducción de: Eyewitness series in psychology.
650 #0 - ASIENTO SECUNDARIO DE MATERIA - TERMINO TEMATICO
9 (RLIN) 47215
Término de materia o nombre geográfico como elemento de entrada Medicamentos
Subdivisión general Aspectos psicológicos
650 #7 - ASIENTO SECUNDARIO DE MATERIA - TERMINO TEMATICO
9 (RLIN) 5909
Término de materia o nombre geográfico como elemento de entrada Motivación (Psicología)
700 1# - ASIENTO SECUNDARIO--NOMBRE DE PERSONAL
9 (RLIN) 44284
Nombre de persona Patán, Federico,
Fechas asociadas al nombre 1937-
Término indicativo de función/relación traductor
902 ## - ELEMENTOS DE DATOS B LOCAL, LDB (RLIN)
Creó NoemiAcosta/311022
905 ## - TIPO DE MATERIAL
Tipo de material Libro
942 ## - ELEMENTOS DE PUNTO DE ACCESO ADICIONAL (KOHA)
Suprimir en OPAC No
Fuente del sistema de clasificación o colocación Library of Congress Classification
Tipo de ítem Koha Libro
Holdings
Estado de retiro Estado de pérdida Fuente del sistema de clasificación o colocación Estado dañado No para préstamo Código de colección Localización permanente Ubicación/localización actual Ubicación en estantería Fecha de adquisición Clasificación Código de barras Fecha visto por última vez Tipo de ítem Koha
    Library of Congress Classification     Colección General Bib. Gregorio Torres Quintero Bib. Gregorio Torres Quintero Planta baja 31/10/2022 BF199 C64 1990 333049 31/12/2020 Libro